Advanced molecular genetics

محفوظ في:
التفاصيل البيبلوغرافية
المؤلف الرئيسي: A Puhler
التنسيق: كتاب
اللغة:Undetermined
منشور في: New York Springer-Verlag 1984
الموضوعات:
الوسوم: إضافة وسم
لا توجد وسوم, كن أول من يضع وسما على هذه التسجيلة!
Thư viện lưu trữ: Trung tâm Học liệu Trường Đại học Cần Thơ
LEADER 00449nam a2200169Ia 4500
001 CTU_8555
008 210402s9999 xx 000 0 und d
082 |a 574.87328 
082 |b A244 
100 |a A Puhler 
245 0 |a Advanced molecular genetics 
245 2 |c A Puhler, K N Timmis 
260 |a New York 
260 |b Springer-Verlag 
260 |c 1984 
650 |a molecular genetics 
980 |a Trung tâm Học liệu Trường Đại học Cần Thơ